20 Random Countries Click the Name Easy Map Quiz - Statistics

General Stats
  • This quiz has been taken 917 times
    623 since last reset
  • The average score is 18 of 20
Answers on the Map
Answers color-coded by a green-red scale on the quiz's map according to % correct below.
 
Answer Stats
Answer % Correct
Italy
96%
Portugal
96%
China
94%
France
94%
Iceland
94%
Russia
94%
Chile
93%
India
93%
Sweden
93%
Germany
92%
Mongolia
92%
Norway
92%
Panama
92%
Saudi Arabia
92%
Spain
92%
USA
92%
Afghanistan
91%
Australia
91%
Bahamas
91%
Mexico
91%
Argentina
90%
Brazil
90%
Canada
90%
Egypt
90%
Greece
90%
Denmark
89%
Finland
89%
Ireland
89%
Bolivia
88%
Ecuador
88%
Romania
88%
Ukraine
88%
United Kingdom
88%
Peru
87%
South Africa
87%
Colombia
86%
Poland
86%
Switzerland
86%
Venezuela
86%
Belgium
84%
Serbia
84%
Belarus
83%
Lithuania
83%
Austria
82%
Vatican City
81%
No matching quizzes found
Score Distribution
Percent of People with Each Score
Percentile by Number Answered
Your Score History
You have not taken this quiz since the last reset